[Event "ITA-chT 41st"]
[Site "Senigallia"]
[Date "2009.05.01"]
[Round "3"]
[White "Amato, Andrea"]
[Black "Ragonesi, Marcello"]
[Result "0-1"]
[WhiteElo "2261"]
[BlackElo "2151"]
[PlyCount "72"]
[EventDate "2009.04.30"]
[EventType "team-tourn"]
[EventRounds "7"]
[EventCountry "ITA"]
[SourceTitle "CBM 130 Extra"]
[Source "ChessBase"]
[SourceDate "2009.07.02"]
[SourceVersion "2"]
[SourceVersionDate "2009.07.15"]
[SourceQuality "1"]

1. Nf3 c5 2. c4 g6 3. g3 Bg7 4. Bg2 Nc6 5. 0-0 e5 6. Nc3 Nge7 7. d3 d6 8. a3 0-0 9. Rb1 a5 10. Nd5 Rb8 11. Bd2 Bd7 12. Qe1 b6 13. b4 axb4 14. axb4 Nxd5 15. cxd5 Ne7 16. Ng5 Qc7 17. bxc5 dxc5 18. Qc1 Nf5 19. Ne4 Nd6 20. Bc3 Nxe4 21. Bxe4 Bh3 22. Rd1 Qd6 23. Ra1 Ra8 24. Qb2 Bd7 25. Rxa8 Rxa8 26. Ra1 Rxa1+ 27. Qxa1 b5 28. Qa8+ Qf8 29. Qb7 Qc8 30. Qa7 b4 31. Bd2 Bf8 32. Qb6 c4 33. dxc4 Qxc4 34. Bd3 Qxd5 35. Qb8 Bh3 36. f3 Qd4+ 0-1

[Event "Assisi op"]
[Site "Assisi"]
[Date "2003.12.23"]
[Round "6"]
[White "Ragonesi, Marcello"]
[Black "Bonugli, Carlo"]
[Result "1-0"]
[WhiteElo "1988"]
[BlackElo "2047"]
[PlyCount "83"]
[EventDate "2003.12.20"]
[EventType "swiss"]
[EventRounds "6"]
[EventCountry "ITA"]
[SourceTitle "EXT 2005"]
[Source "ChessBase"]
[SourceDate "2004.11.15"]
[SourceVersion "1"]
[SourceVersionDate "2004.11.15"]
[SourceQuality "1"]

1. Nf3 Nf6 2. c4 g6 3. g3 Bg7 4. Bg2 0-0 5. 0-0 d6 6. Nc3 Nc6 7. d3 e5 8. Rb1 a5 9. a3 Bf5 10. Ng5 Qd7 11. b4 axb4 12. axb4 Rae8 13. b5 Nd8 14. e4 Bg4 15. f3 Be6 16. Be3 h6 17. Nxe6 Nxe6 18. Bh3 Qd8 19. Qd2 Kh7 20. Ra1 Nd7 21. Ra7 b6 22. Nd5 f5 23. Qe2 Rf7 24. Kh1 Ref8 25. exf5 gxf5 26. f4 Ndc5 27. Bg2 Rf6 28. Ra8 Qd7 29. Nxf6+ Rxf6 30. Bc6 Qe7 31. d4 exd4 32. Bxd4 Rg6 33. Bxc5 dxc5 34. Rd1 Bd4 35. Re1 Qg7 36. Qf3 Qf6 37. Re8 Ng7 38. R8e7 Qd6 39. Rd7 Qf6 40. Bd5 Rg4 41. Qe2 h5 42. Qe8 1-0

[Event "Assisi op"]
[Site "Assisi"]
[Date "2003.12.22"]
[Round "5"]
[White "Bighiu, Gheorghe"]
[Black "Ragonesi, Marcello"]
[Result "0-1"]
[WhiteElo "2112"]
[BlackElo "1988"]
[PlyCount "30"]
[EventDate "2003.12.20"]
[EventType "swiss"]
[EventRounds "6"]
[EventCountry "ITA"]
[SourceTitle "EXT 2005"]
[Source "ChessBase"]
[SourceDate "2004.11.15"]
[SourceVersion "1"]
[SourceVersionDate "2004.11.15"]
[SourceQuality "1"]

1. h3 c5 2. c3 Nf6 3. Nf3 b6 4. d4 e6 5. Bf4 Bb7 6. e3 Nc6 7. Nbd2 Be7 8. Bd3 0-0 9. e4 cxd4 10. cxd4 Nb4 11. Bb1 Ba6 12. a3 Nd3+ 13. Bxd3 Bxd3 14. e5 Nd5 15. Be3 Nxe3 0-1